00820nam a22002537a 4500003000500000005001700005008004100022010000900063011000900072035000900081040000900090082002100099111014500120245001300265260004000278300003100318490003100349500001100380650002100391650002100412650002500433710007700458830003100535CHAP20220817041139.0971013s1992 r 10010 d a7429 a8401 a7627 cCHAP a551.063bS5 199200aSimposio Regional Avances y Perspectivas de la Investigación del Clima y del Agua en el Noreste de México (n2d: 1992c: Linares, N.L.) aMemorias aLinares, N.L. :bLa Facultad,c1992 a212 p.b: ilus. ; gráfs. aReporte científicov; 12 a63-14614aAguaxCongresos.14aClimaxMéxico.14aClimaxNuevo Léon.0 aUniversidad Autónoma de Nuevo León. Facultad de Ciencias Forestales.0 aReporte científicov; 12